[Event "MMK 2013, Krakow"]
[Site "Krakow"]
[Date "2013.08.15"]
[Round "9.3"]
[White "Zambor, Norbert"]
[Black "Klekowski, Maciej"]
[Result "0-1"]
[WhiteElo "2345"]
[BlackElo "2357"]
[PlyCount "204"]
[EventDate "2013.??.??"]

1. e4 c5 2. Nf3 g6 3. Bc4 Bg7 4. O-O d6 5. Re1 Nf6 6. Bb3 O-O 7. d3 Nc6 8. c3
h6 9. h3 e5 10. Nbd2 a6 11. a4 Rb8 12. Nf1 b5 13. axb5 axb5 14. Ng3 Bb7 15. Be3
Ra8 16. Rb1 Qe7 17. Nh2 Kh7 18. Rf1 Na5 19. Bc2 b4 20. Re1 d5 21. cxb4 cxb4 22.
d4 Nxe4 23. dxe5 Bxe5 24. Bd4 Bxd4 25. Qxd4 Qc5 26. Rxe4 Qxc2 27. Ree1 Qc4 28.
Qf6 d4 29. Rbd1 Rad8 30. Nf5 gxf5 31. Qxf5+ Kg7 32. Rd3 Rd6 33. Rg3+ Rg6 34.
Qxa5 Qd5 35. Qxd5 Bxd5 36. Rd1 Rc8 37. Nf1 Ba2 38. Rxd4 Rc1 39. Rgd3 Rb1 40.
Rxb4 Rc6 41. Rc3 Rd6 42. Rg3+ Kf6 43. Rf3+ Ke7 44. b3 Rdd1 45. Rb7+ Ke8 46.
Rb8+ Ke7 47. Rb7+ Ke6 48. Rbxf7 Rxf1+ 49. Kh2 Rh1+ 50. Kg3 Bxb3 51. R3f6+ Ke5
52. Rf5+ Ke4 53. Rf4+ Kd3 54. Rd7+ Kc3 55. Rc7+ Kd3 56. Rd7+ Kc3 57. Rh4 Be6
58. Rc7+ Kd3 59. Rxh6 Rhe1 60. h4 Kd4 61. Rg6 Rb3+ 62. f3 Ke5 63. Rc5+ Kd4 64.
Rcg5 Re5 65. h5 Rb1 66. Rxe5 Kxe5 67. Rg5+ Kf6 68. Rc5 Bf7 69. Kg4 Rh1 70. f4
Kg7 71. g3 Rh2 72. Rg5+ Kh6 73. Kf5 Bxh5 74. g4 Bf7 75. Kf6 Ba2 76. Ra5 Bb1 77.
Ra7 Rb2 78. Ra6 Rb4 79. g5+ Kh5 80. g6 Bxg6 81. Ra5+ Kh6 82. f5 Rf4 83. Ke6 Bh7
84. Kf6 Rf1 85. Rc5 Ra1 86. Rc6 Ra5 87. Ke7+ Kg5 88. f6 Ra7+ 89. Kf8 Bg6 90.
Re6 Kf5 91. Re7 Ra6 92. f7 Kf6 93. Kg8 Bh7+ 94. Kf8 Ra8+ 95. Re8 Ra7 96. Rb8
Rxf7+ 97. Ke8 Bf5 98. Rb2 Re7+ 99. Kd8 Rd7+ 100. Ke8 Rd6 101. Rf2 Re6+ 102. Kd8
Rc6 0-1

[Event "MMK 2013, Krakow"]
[Site "Krakow"]
[Date "2013.08.15"]
[Round "9.4"]
[White "Licznerski, Lukasz"]
[Black "Abdumalik, Zhansaya"]
[Result "1-0"]
[WhiteElo "2332"]
[BlackElo "2265"]
[PlyCount "91"]
[EventDate "2013.??.??"]

1. e4 c5 2. Nf3 e6 3. d3 Nc6 4. g3 d6 5. Bg2 Nf6 6. O-O Be7 7. Re1 Qc7 8. c3
O-O 9. d4 cxd4 10. cxd4 d5 11. e5 Ne4 12. Nbd2 Nxd2 13. Bxd2 Qb6 14. Bc3 Bb4
15. Qd3 Bd7 16. Ng5 g6 17. h4 Rac8 18. h5 Be7 19. Nf3 Na5 20. Qd2 Nc4 21. Qh6
Rfe8 22. Ng5 Bxg5 23. Qxg5 Qd8 24. Qh6 Qe7 25. Rac1 Qf8 26. Qf4 h6 27. Qg4 Qg7
28. Bxd5 gxh5 29. Qxg7+ Kxg7 30. Bxb7 Rb8 31. Bf3 Nxb2 32. Bxb2 Rxb2 33. Rc7
Rd8 34. Rxa7 Kg6 35. Re4 Bc6 36. Rf4 Bxf3 37. Rxf3 Rxd4 38. Rf6+ Kg5 39. Raxf7
h4 40. Rg7+ Kh5 41. Rgg6 Rd1+ 42. Kg2 hxg3 43. Rxh6+ Kg5 44. Rhg6+ Kh5 45. Rxg3
Rxa2 46. Rf8 1-0

[Event "MMK 2013, Krakow"]
[Site "Krakow"]
[Date "2013.08.15"]
[Round "9.5"]
[White "Lewtak, Damian"]
[Black "Malinovsky, Karel"]
[Result "1-0"]
[WhiteElo "2265"]
[BlackElo "2457"]
[PlyCount "127"]
[EventDate "2013.??.??"]

1. e4 c5 2. Nf3 d6 3. Bb5+ Nd7 4. d4 Ngf6 5. Nc3 cxd4 6. Qxd4 e5 7. Qd3 h6 8.
Be3 Be7 9. a4 O-O 10. O-O a6 11. Bc4 b6 12. Nh4 Nc5 13. Bxc5 dxc5 14. Ng6 Re8
15. Nxe5 Be6 16. Bxe6 fxe6 17. Rad1 Qc7 18. Ng6 Ng4 19. Nxe7+ Rxe7 20. Qd6 Ne5
21. b3 Nc6 22. Qxc7 Rxc7 23. Rd6 Kf7 24. f4 Rd8 25. Rxd8 Nxd8 26. Kf2 Nc6 27.
Rd1 c4 28. Ne2 Ke7 29. Rb1 Nb4 30. c3 Nd3+ 31. Ke3 e5 32. bxc4 Nxf4 33. Nxf4
exf4+ 34. Kxf4 Rxc4 35. Rxb6 Rxa4 36. Kf5 Ra2 37. Rb7+ Kf8 38. Ke6 Kg8 39. g4
Rxh2 40. e5 h5 41. gxh5 Rxh5 42. Rb8+ Kh7 43. Rb4 Rh3 44. c4 Rc3 45. Kf5 a5 46.
Ra4 Kh6 47. c5 g5 48. Rxa5 Rf3+ 49. Ke4 Rf1 50. c6 Rc1 51. Kd5 g4 52. Ra8 Rd1+
53. Ke6 Rc1 54. Rg8 Kh5 55. Rc8 Kh6 56. Kf5 g3 57. Rg8 Rxc6 58. Rxg3 Kh7 59. e6
Rc1 60. Rg4 Rf1+ 61. Rf4 Ra1 62. e7 Ra8 63. Kf6 Kg8 64. Rg4+ 1-0